000 00546nam a2200145 i 4500
001 67726
003 ES-MaACL
007 t|
008 040203s1983 sp ||||1| spa d
100 1 _aGalván Dopazo, Manuel.
_953690
245 1 0 _aContestaciones a los temas de Organización del Estado y de la Administración pública para ingreso en el Cuerpo General Administrativo de la Administración del Estado /
_cpor Manuel Galván Dopazo.
260 _a[Madrid :
_bs.n.,
_c1983]
300 _a188 p. ;
_c23 cm.
852 _aES-MaACL
_jL-5479
_bR.106088
999 _c67726
_d67726